| 000 | 00524nam a2200217Ia 4500 | ||
|---|---|---|---|
| 003 | OSt | ||
| 005 | 20140311163113.0 | ||
| 008 | 140130s9999 xx 000 0 und d | ||
| 020 | _a0439343895 | ||
| 050 |
_aPZ 7 _b.B146 1999 |
||
| 100 |
_aBaglio, Ben M. _95246 |
||
| 245 |
_aPuppy in a puddle / _cBaglio, Ben M. |
||
| 260 |
_bScholastic, _c1999. _aNew York : |
||
| 300 |
_a129 p. : _bill. ; _c18 cm. |
||
| 440 |
_v1 _931120 |
||
| 521 | _aG3 | ||
| 526 | _c560 | ||
| 942 |
_cBK _2lcc |
||
| 999 |
_c40655 _d40655 |
||